Normal view
MARC view
Entry Personal Name
001 - CONTROL NUMBER
- control field: 6649
003 - CONTROL NUMBER IDENTIFIER
- control field: BD-RjUL
005 - DATE AND TIME OF LATEST TRANSACTION
- control field: 20230119175446.0
008 - FIXED-LENGTH DATA ELEMENTS
- fixed length control field: 230119|| aca||aabn | a|a d
040 ## - CATALOGING SOURCE
- Original cataloging agency: BD-RjUL
- Transcribing agency: BD-RjUL
100 ## - HEADING--PERSONAL NAME
- Personal name: Zakaria, Choudhury, M. Supervisor
670 ## - SOURCE DATA FOUND
- Source citation: Work cat.: (BD-RjUL)81104: Islam, Md. Rafiqul 1188, Novel ferrocene based complexes oligomers and polymers containing various metal centers /, 2013